| 000 | 01448cam a22004098i 4500 | ||
|---|---|---|---|
| 001 | 20500513 | ||
| 005 | 20221011102829.0 | ||
| 008 | 180517s2019 enk 000 0 eng | ||
| 010 | _a 2018022498 | ||
| 020 | _a9781138321281 (hardback) | ||
| 020 | _z9780429452680 (ebook) | ||
| 020 | _z9780429840425 (mobipocket) | ||
| 020 |
_z9780429840432 _qebook |
||
| 040 |
_aDLC _beng _erda _cDLC |
||
| 042 | _apcc | ||
| 043 | _aa-cc--- | ||
| 050 | 0 | 0 |
_aHF1604.Z4 _bW4966 2019 |
| 082 | 0 | 0 |
_a337.5101821 _bNOL |
| 100 | 1 |
_aNolan, Peter, _d1949- _eauthor. _999753 |
|
| 245 | 1 | 0 |
_aChina and the West : _bcrossroads of civilisation / _cPeter Nolan. |
| 263 | _a1810 | ||
| 264 | 1 |
_aLondon ; _aNew York, NY : _bRoutledge, _c2019. |
|
| 300 |
_a268 p. ; _c24 cm. |
||
| 336 |
_atext _btxt _2rdacontent |
||
| 337 |
_aunmediated _bn _2rdamedia |
||
| 338 |
_avolume _bnc _2rdacarrier |
||
| 490 | 0 |
_aRoutledge studies on the Chinese economy ; _v70 |
|
| 651 | 0 |
_aChina _xForeign economic relations _zWestern countries. _999785 |
|
| 651 | 0 |
_aWestern countries _xForeign economic relations _zChina. _999786 |
|
| 651 | 0 |
_aChina _xForeign relations _zWestern countries. _999787 |
|
| 651 | 0 |
_aChina _xCivilization. _912672 |
|
| 651 | 0 |
_aChina _xEconomic conditions. _999108 |
|
| 651 | 0 |
_aChina _xPolitics and government. _999382 |
|
| 906 |
_a7 _bcbc _corignew _d1 _eecip _f20 _gy-gencatlg |
||
| 942 |
_2ddc _cBK |
||
| 999 |
_c591655 _d591655 |
||